00341nam a22001217a 450000500170000000800410001704000130005808200230007110000210009424500630011526000300017830000110020820150302154852.0150302b xxu||||| |||| 00| 0 eng d cPK-LaUMT aKHC 954.915bMIR-S aMir Khuda Bakhsh aSearchlights on Baloches and BalochistancMir Khuda Bakhsh aKarachibRoyal Bookc1974 a383 p.